000 01639cam a22004574i 4500
003 PE-LiUPU
005 20250731173008.0
008 150623s r 000 0 d
020 _a0941037207
035 _a(Sirsi) i9780941037204
040 _aPE-LiUPU
_bspa
_cPE-LiUPU
_erda
049 _aPRUA
082 0 4 _a221.6
_bL77
_221
100 1 _aLohfink, Norbert,
_eautor.
245 1 4 _aThe inerrancy of scripture and other essays /
_cNorbert Lohfink.
264 1 _aBerkeley, CA :
_bBibal Press,
_c1992.
300 _a169 páginas ;
_c21 centímetros
336 _atext
_2rdacontent
337 _aunmediated
_2rdamedia
338 _avolume
_2rdacarrier
490 0 _aBibal Collected Essays ;
_v1
505 0 _aThe formation of the Old Testament. -The inarrancy of Sripture. -The story of the Fall.-The song of victory at the red sea. -The great commandment. -Law and Grace. -Freedom and repetition. -Man face to face with death.
526 _aSEG42
526 _aSEG41
526 _aSEG40
526 _aSEG39
526 _aP94
526 _aP87
526 _aP86
526 _aP85
526 _aP77
526 _aP76
526 _aP35
630 _aBiblia.
_pA.T.
_xCrítica, interpretación, etc.
942 _2ddc
_cBOOK
949 _a221.6 L77
_wDEWEY
_c1
_i46213
_lCCODEBUL1
_mBUL
_r0
_sY
_tBOOK
_u2015-6-24
_xTEOLOGIA
_PP35
_0COMPRA
_o.STAFF. Colección General
994 _aC0
_bPEPRU
596 _a1
999 _a221.6 L77
_wDEWEY
_c22993
_i46213
_f2021-11-9
_g6
_lCCODEBUL1
_mBUL
_r0
_sY
_tBOOK
_u2015-6-24
_xTEOLOGIA
_PP35
_0COMPRA
_o.STAFF. Colección General
_d22993
980 _81
_gALBERTO SANCHEZ Responsable de Automatización